| 000 | 00691nam a2200181 a 4500 | ||
|---|---|---|---|
| 001 | 000048931 | ||
| 005 | 20201002061523.0 | ||
| 008 | 190503s2017 dr r 000 0 spa d | ||
| 020 | _a9789945886078 | ||
| 040 |
_aDO-SdBNP _bspa _cBNPHU |
||
| 082 |
_axxxx _bR724i |
||
| 100 | 1 |
_aRogers Gómez A., Juan Pablo _976368 |
|
| 245 | 1 | 0 |
_aIntuición jurídica : _bpara abogados, jueces, fiscales, defensores públicos, estudiantes y autoridades / _cJuan Pablo Rogers Gómez ; prólogo Julio Ángel Ledesma. |
| 260 |
_aSanto Domingo : _bOrtega, _c2017. |
||
| 300 |
_a174 p. ; _c23 cm. |
||
| 500 | _aIncluye datos biográficos del autor en las solapas | ||
| 700 | 1 |
_aLedesma, Julio Ángel, _epról. _976369 |
|
| 999 |
_c48419 _d48419 |
||